Mastering operational risk: a practical guide to understanding operational risks and how to manage it (Record no. 50583)

MARC details
000 -LEADER
fixed length control field 00695nam a2200169 a 4500
008 - FIXED-LENGTH DATA ELEMENTS--GENERAL INFORMATION
fixed length control field 130911s2010 ||||||||||||||||| || u
020 ## - INTERNATIONAL STANDARD BOOK NUMBER
International Standard Book Number 9780273727323
050 ## - LIBRARY OF CONGRESS CALL NUMBER
Classification number HD 61 Blu
100 ## - MAIN ENTRY--PERSONAL NAME
Personal name Blunden, Tony
245 10 - TITLE STATEMENT
Title Mastering operational risk: a practical guide to understanding operational risks and how to manage it
Statement of responsibility, etc. by Tony Blunden and John Thirlwell
260 ## - PUBLICATION, DISTRIBUTION, ETC.
Place of publication, distribution, etc. Harlow:
Name of publisher, distributor, etc. Pearson Education Limited
Date of publication, distribution, etc. 2010
300 ## - PHYSICAL DESCRIPTION
Extent xvii, 321p.: ill.
650 ## - SUBJECT ADDED ENTRY--TOPICAL TERM
Topical term or geographic name entry element OPERATIONAL RISK
650 #0 - SUBJECT ADDED ENTRY--TOPICAL TERM
Topical term or geographic name entry element RISK MANAGEMENT
700 ## - ADDED ENTRY--PERSONAL NAME
Personal name Thirlwell, John
995 ## - RECOMMENDATION 995 [LOCAL, UNIMARC FRANCE]
-- CBU-MAIN LIBRARY (Kitwe)
-- 1
-- AVAILABLE
-- Sep 13, 2013
-- Main Library Open Access Collection
Holdings
Withdrawn status Lost status Source of classification or shelving scheme Damaged status Not for loan Home library Current library Shelving location Date acquired Total Checkouts Full call number Barcode Date last seen Price effective from Koha item type
          CBU-MAIN LIBRARY, KITWE. CBU-MAIN LIBRARY, KITWE.   11/30/2022   HD 61 Blu 744518 11/30/2022 11/30/2022 MONOGRAPH